Сопротивление усталости перекрёстно-армированных ламинатов при изгибе; Проблемы прочности; № 2

গ্রন্থ-পঞ্জীর বিবরন
Parent link:Проблемы прочности=Strength of Materials: научно-технический журнал/ Национальная академия наук Украины (НАНУ, НАН Украины), Институт проблем прочности им. Г. С. Писаренко (ИПП).— , 1969-.— 0556-171X
№ 2.— 2003.— С. 66-83
অন্যান্য লেখক: Безази А. Р., Эль Махи А., Бертело Дж.-М., Беззази Б.
ভাষা:ইংরেজি
প্রকাশিত: 2003
মালা:Научно-технический раздел
বিষয়গুলি:
বিন্যাস: গ্রন্থের অধ্যায়
KOHA link:https://koha.lib.tpu.ru/cgi-bin/koha/opac-detail.pl?biblionumber=386182

MARC

LEADER 00000naa2a2200000 4500
001 386182
005 20231101063440.0
035 |a (RuTPU)RU\TPU\prd\14671 
090 |a 386182 
100 |a 20030602a2003 k y0rusy50 ca 
101 0 |a eng 
102 |a un 
200 1 |a Сопротивление усталости перекрёстно-армированных ламинатов при изгибе  |f А. Р. Безази, А. Эль Махи, Дж.-М. Бертело, Б. Беззази 
225 1 |a Научно-технический раздел 
320 |a Библиогр.: 43 назв. 
461 1 |0 (RuTPU)RU\TPU\prd\1695  |x 0556-171X  |t Проблемы прочности  |l Strength of Materials  |o научно-технический журнал  |f Национальная академия наук Украины (НАНУ, НАН Украины), Институт проблем прочности им. Г. С. Писаренко (ИПП)  |d 1969- 
463 1 |0 (RuTPU)RU\TPU\prd\14390  |t № 2  |v С. 66-83  |d 2003 
610 1 |a ламинаты 
610 1 |a кевларовые волокна 
610 1 |a гибридные волокна 
610 1 |a эпоксидная матрица 
610 1 |a трёхточечный изгиб 
610 1 |a усталость 
610 1 |a повреждение 
610 1 |a кривые усталости 
675 |a 539.4  |v 3 
701 1 |a Безази  |b А. Р. 
701 1 |a Эль Махи  |b А. 
701 1 |a Бертело  |b Дж.-М. 
701 1 |a Беззази  |b Б. 
801 1 |a RU  |b 63413507  |c 20030602  |g PSBO 
801 2 |a RU  |b 63413507  |c 20121001  |g RCR 
942 |c BK